| 000 | 00658nam a22002177a 4500 | ||
|---|---|---|---|
| 003 | INP | ||
| 005 | 20260622100542.0 | ||
| 008 | 260608b1996 us aj||f |||| 001 0 eng d | ||
| 040 |
_aEG-INP _cEG-INP |
||
| 082 |
_221 _a333.72 |
||
| 100 | _aKellenberg, John | ||
| 245 |
_aAccounting for Natural Resources in Ecuador _bContrasting Methodologies, Conflicting Results _cJohn Kellenberg |
||
| 260 |
_aUSA _bThe World Bank _c1996 |
||
| 300 |
_a41P _bPaper _c26cm |
||
| 490 |
_aEnvironment Department Papers _vNo. 41 |
||
| 650 |
_2Qmark _aNatural Resources _92306 |
||
| 650 |
_2Qmark _aEcuador _9983 |
||
| 901 | _aEmad | ||
| 903 | _acopycat | ||
| 999 |
_c23266 _d23266 |
||